000 00227nam a2200109Ia 4500
008 190216s9999||||xx |||||||||||||| ||und||
100 _aKakanadan
245 0 _aOrotha
260 _bDc Books
650 _aMalayalam
942 _cBK
999 _c25930
_d25930